Extra cheese, please! : (Registro nro. 8926)

Detalles MARC
000 -LIDER
fixed length control field 00683nam a22002177a 4500
001 - NÚMERO DE CONTROL
Identificador de número de control 00260
003 - IDENTIFICACDOR DE NÚMERO DE CONTROL
control field DO-SdBNP
005 - DATE AND TIME OF LATEST TRANSACTION
control field 20180302093235.0
008 - ELEMENTOS DE LONGITUD FIJA
fixed length control field 151126b nyu 1994 xxu||||| |||| 00| 0 spa d
040 ## - FUENTE DE CATALOGACIÓN
Agencia que crea de manera original el registro BPMSU
Idioma de catalogación spa
Agencia que realiza la transcripción BPMSU
092 ## - LOCALLY ASSIGNED DEWEY DECIMAL CALL NUMBER
Número de clasificación xxxxx
Número de ítem (Cutter) xxxxx
100 1# - ASIENTO PRINCIPAL -- NOMBRE PERSONAL
Nombre personal Peterson, Cris
245 10 - MENCIÓN DE TITULO
Título Extra cheese, please! :
Subtítulo mozzarella's journey from cow to pizza /
Mención de responsabilidad Cris Peterson ; photographs Alvis Upitis.
260 ## - PUBLICACIÓN, DISTRIBUCIÓN, ETC. (PIE DE IMPRENTA)
Lugar de publicación, distribución, etc Honesdale, Pennsylvania :
Nombre del editor, distribuidor, etc. Boyds Mills Press,
Fecha de publicación, distribución, etc 1994.
300 ## - DESCRIPCIÓN FÍSICA
Extensión [30] p. :
Otros detalles físicos il., retrs. ;
Dimensiones 23 cm.
700 12 - ASIENTO SECUNDARIO -- NOMBRE PERSONAL
Nombre personal Upitis, Alvis,
Mención de responsabilidad il.
910 ## - VALIDACIÓN
Validación 00260
942 ## - ADDED ENTRY ELEMENTS (KOHA)
Source of classification or shelving scheme Dewey Decimal Classification
Koha item type Libros
945 ## - INFORMACIÓN DE PROCESAMIENTO LOCAL
Información de procesamiento local inventariado, 2018 / dg
956 ## - LOCAL ELECTRONIC LOCATION AND ACCESS (OCLC)
Nombre de host Lorenza Pérez
Número de acceso 10
Existencias
Withdrawn status Lost status Source of classification or shelving scheme Damaged status Not for loan Home library Current library Date acquired Source of acquisition Total Checkouts Barcode Date last seen Copy number Price effective from Koha item type
    Dewey Decimal Classification     Biblioteca Pública Metropolitana Salomé Ureña Biblioteca Pública Metropolitana Salomé Ureña 11/26/2015 Donación   BPMSU15110501 11/26/2015 1 ej. 11/26/2015 Libros